Normal view MARC view

Entry Geographic Name

Number of records used in: 1

001 - CONTROL NUMBER

  • control field: 54288

003 - CONTROL NUMBER IDENTIFIER

  • control field: dpl

005 - DATE AND TIME OF LATEST TRANSACTION

  • control field: 20121213125822.0

008 - FIXED-LENGTH DATA ELEMENTS

  • fixed length control field: 121213|||a|||||| | ||| d

040 ## - CATALOGING SOURCE

  • Original cataloging agency: dpl
  • Transcribing agency: dpl

151 ## - HEADING--GEOGRAPHIC NAME

  • Geographic name: India
  • General subdivision: Civilization
  • Chronological subdivision: 1200-1765.

670 ## - SOURCE DATA FOUND

  • Source citation: Work cat.: (dpl)0: Vanina, Eugenia 54284, Medieval Indian mindscapes :, 2012.

670 ## - SOURCE DATA FOUND

  • Source citation: Work cat.: (dpl)0: Vanina, Eugenia 54284, Medieval Indian mindscapes :, 2012.

© Delhi Public Library
Hit Counter
free hit counter